000 01004cam a2200205 4500
001 ABS63440
008 000000n2000 000 0 eng u
035 _a(Sirsi) u110407
100 _aKernon, S.
245 _aProject collaboration extranets
260 _c2000
490 _aNew Civil Engineer
_v(1380) December 2000, 32-34(3)
520 _aDescribes the benefits of project collaboration extranets, which allow all documents, drawings and communications for a project to be mounted on a dedicated website. This enables different members of the project team to view changes made by others instantly via their internet browsers and to track those changes using a project trail. Suggests potential selection criteria as well as reviewing some of the software packages currently available in the UK.
590 _aABS
650 _aPROJECT COLLABORATION EXTRANETS
650 _aPROJECT COORDINATION
650 _aPROJECT INFORMATION
690 _aINFORMATION TECHNOLOGY-INTERNET
942 _n0
999 _c65821
_d65821